Statistics for Wilmington International Airport Destinations (Wilmington, NC, USA)

Click here to take the quiz!

General Stats

  • This quiz has been taken 12 times
  • The average score is 12 of 17

Answer Stats

AirlineDestination% Correct
Delta Air Lines/Delta ConnectionAtlanta
88%
American Eagle/Delta ConnectionBoston
88%
American Airlines/American EagleCharlotte
88%
American Eagle/Delta ConnectionNew York (LaGuardia)
88%
Avelo AirlinesOrlando
88%
Avelo AirlinesBaltimore
75%
American EagleChicago (O'Hare)
75%
American EaglePhiladelphia
75%
Avelo AirlinesTampa
75%
American EagleWashington (National)
75%
American Airlines/American EagleDallas/Fort Worth
63%
United ExpressNewark
63%
Avelo AirlinesFort Lauderdale
50%
Sun Country AirlinesMinneapolis/St. Paul
50%
Avelo AirlinesWilmington (DE)
50%
Avelo AirlinesNew Haven (CT)
38%
Avelo AirlinesWest Palm Beach
25%

Score Distribution

Percentile by Number Answered

Percent of People with Each Score

Your Score History

You have not taken this quiz